000 00541nam a2200181Ia 4500
008 100921s9999 xx 000 0 und d
082 _b17863
_a891.463 थ 82
100 _aराजहंस.
245 _aदिलदार.
260 _bमनोरमा प्रकाशन,मुंबई.
_c1982
300 _a203
_b---
365 _b25
520 _aललित-कादंबरी.
630 _aदिलदार.
650 _aललित-कादंबरी.
730 _aदिलदार.
942 _cBOOK
999 _c766976
_d766973